កំណែលំហាត់ គណិតវិទ្យា ៦ / (Record no. 6539)
[ view plain ]
| 000 -LEADER | |
|---|---|
| fixed length control field | 01886nam a22002657a 4500 |
| 001 - CONTROL NUMBER | |
| control field | 6539 |
| 003 - CONTROL NUMBER IDENTIFIER | |
| control field | FISKH |
| 005 - DATE AND TIME OF LATEST TRANSACTION | |
| control field | 20250508153412.0 |
| 008 - FIXED-LENGTH DATA ELEMENTS--GENERAL INFORMATION | |
| fixed length control field | 250508b cb ||||| |||| 00| 0 eng d |
| 020 ## - INTERNATIONAL STANDARD BOOK NUMBER | |
| International Standard Book Number | 9789995001582 |
| 040 ## - CATALOGING SOURCE | |
| Original cataloging agency | FISKH |
| Language of cataloging | khr |
| Transcribing agency | FISKH |
| Modifying agency | FISKH |
| 082 ## - DEWEY DECIMAL CLASSIFICATION NUMBER | |
| Classification number | 510 |
| 100 ## - MAIN ENTRY--PERSONAL NAME | |
| Personal name | Kimsrun, In |
| 245 ## - TITLE STATEMENT | |
| Title | កំណែលំហាត់ គណិតវិទ្យា ៦ / |
| Statement of responsibility, etc. | អ្នកនិពន្ធនិងរៀបរៀង លោក អុិន គឺមស្រ៊ុន អ្នកវាយអត្ថបទ លោក ជុំ សត្យា អ្នករចនាទំព័រ លោក គង់ ចិត្រា អ្នកផ្ទៀងផ្ទាត់ លោក អ៊ុំ បុប្ផា |
| 250 ## - EDITION STATEMENT | |
| Edition statement | បោះពុម្ពឆ្នាំ2018 |
| 260 ## - PUBLICATION, DISTRIBUTION, ETC. | |
| Place of publication, distribution, etc. | ភ្នំពេញ : |
| Name of publisher, distributor, etc. | គ្រឺះស្ថានបោះពុម្ពនិងចែកផ្សាយ , |
| Date of publication, distribution, etc. | 2018 . |
| 300 ## - PHYSICAL DESCRIPTION | |
| Extent | 172 pages : |
| Other physical details | color illustrations ; |
| Dimensions | 21 cm . |
| 520 ## - SUMMARY, ETC. | |
| Summary, etc. | សៀវភៅ «កំណែលំហាត់គណិតវិទ្យាថ្នាក់ទី៦» ដែលនិពន្ធនិងរៀបរៀងដោយលោក អុិន គឺមស្រ៊ុន គឺជាឯកសារដែលមានគោលបំណងផ្តល់ជំនួយដល់សិស្សថ្នាក់ទី៦ក្នុងការរៀន និងអនុវត្តលំហាត់គណិតវិទ្យា។ |
| 520 ## - SUMMARY, ETC. | |
| Summary, etc. | The book “Grade 6 Mathematics Exercise Book”, written and compiled by Mr. In Kim Srun, is a resource designed to assist sixth-grade students in learning and practicing mathematics exercises.<br/><br/><br/><br/><br/> |
| 650 ## - SUBJECT ADDED ENTRY--TOPICAL TERM | |
| Topical term or geographic name entry element | គណិតវិទ្យា |
| 650 ## - SUBJECT ADDED ENTRY--TOPICAL TERM | |
| Topical term or geographic name entry element | Mathematic |
| 700 ## - ADDED ENTRY--PERSONAL NAME | |
| Personal name | Satya, Chom |
| Relator term | Illustrator |
| 942 ## - ADDED ENTRY ELEMENTS (KOHA) | |
| Source of classification or shelving scheme | Dewey Decimal Classification |
| Koha item type | Khmer Books |
| Suppress in OPAC | No |
| Withdrawn status | Lost status | Source of classification or shelving scheme | Damaged status | Not for loan | Collection | Home library | Current library | Shelving location | Date acquired | Total Checkouts | Full call number | Barcode | Date last seen | Date last checked out | Copy number | Price effective from | Koha item type |
|---|---|---|---|---|---|---|---|---|---|---|---|---|---|---|---|---|---|
| Dewey Decimal Classification | Khmer Language Books / សៀវភៅភាសាខ្មែរ | Footprints International School Library Network Toul Tom Poung Campus | Footprints International School Library Network Toul Kork Campus | TTP Secondary Khmer Bookshelves | 05/08/2025 | 1 | KIM PZ7 510 | FISSE02637 | 09/15/2025 | 09/12/2025 | 1 | 05/08/2025 | Khmer Books | ||||
| Dewey Decimal Classification | Khmer Language Books / សៀវភៅភាសាខ្មែរ | Footprints International School Library Network Toul Tom Poung Campus | Footprints International School Library Network Toul Tom Poung Campus | TTP Secondary Khmer Bookshelves | 05/08/2025 | KIM PZ7 000 | 2025-1224 | 05/08/2025 | 2 | 05/08/2025 | Khmer Books | ||||||
| Dewey Decimal Classification | Khmer Language Books / សៀវភៅភាសាខ្មែរ | Footprints International School Library Network Toul Tom Poung Campus | Footprints International School Library Network Toul Tom Poung Campus | TTP Secondary Khmer Bookshelves | 05/09/2025 | KIM PZ7 000 | FISSE02635 | 05/09/2025 | 3 | 05/09/2025 | Khmer Books | ||||||
| Dewey Decimal Classification | Khmer Language Books / សៀវភៅភាសាខ្មែរ | Footprints International School Library Network Toul Tom Poung Campus | Footprints International School Library Network Toul Tom Poung Campus | TTP Secondary Khmer Bookshelves | 05/09/2025 | KIM PZ7 000 | FISSE01754 | 05/09/2025 | 4 | 05/09/2025 | Khmer Books |
